| 000 | 01887cam a22003374a 4500 | ||
|---|---|---|---|
| 999 |
_c7223 _d7223 |
||
| 001 | 7223 | ||
| 003 | BD-JhCC | ||
| 005 | 20180418165755.0 | ||
| 008 | 010727s2002 nyu b 001 0 eng | ||
| 020 | _a1571132422 (acidfree paper) | ||
| 035 | _a(BD-JhCC)7223 | ||
| 040 |
_aDLC _cDLC _dOBE _dMYG _dOrLoB-B _dBD-JhCC |
||
| 041 | _aeng | ||
| 050 | 0 | 0 | _aPT553.D58 2002 |
| 082 | 0 | 0 |
_a831/.914093273 _221 _bJEF 2002 |
| 100 | 1 |
_aJefferson, Thomas _d1950- |
|
| 245 | 1 | 4 |
_aThe image of Amirica / _cThomas Jefferson, |
| 246 | 3 | 0 | _aAmerica in German poetry since 1945 |
| 260 |
_aRochester, NY : _bCamden House, _c2002. |
||
| 300 |
_a300 p. ; _c24 cm. |
||
| 490 | 1 | _aStudies in German literature, linguistics, and culture | |
| 504 | _aIncludes bibliographical references (p. [243]-277) and index. | ||
| 505 | 0 | 0 |
_tPfannkuchen, Coca-Cola, Hollywood, Harlem: America's Early Postwar Image -- _tPrejudice, Problems, Fragments: Early Postwar Reception of American Poetry -- _tThe 1960s: Jazz Beats Rhythms of Change -- _tO Taste and See the Projective Verse: Hollerer's "Thesen zum langen Gedicht" -- _tVietnam and Erich Fried: America and the German Political Poem of the 1960s -- _tKilroy Was Here: Vietnam and the Image of America -- _tFiedler Crosses the Border, Brinkmann Closes the Gap: German Pop Poetry -- _tTravel Destination America: Image and Influence through the mid-1970s -- _tCasting Light on Mr. Hopper's America: From the Late 1970s through the 1980s -- _tAfter the Wall: Luftbrucke und heavy metal sounnz -- _tConclusion: Imago America. |
| 650 | 0 |
_aGerman poetry _y20th century _xHistory and criticism. |
|
| 650 | 0 |
_aAmerican poetry _xAppreciation _zGermany. |
|
| 651 | 0 |
_aUnited States _xIn literature. |
|
| 830 | 0 | _aStudies in German literature, linguistics, and culture. | |
| 942 |
_2ddc _cBK |
||
| 949 | 0 |
_4IP _ah _bHUM _cSTACK _o0 _p39080026397650 _x01 _hPT553.D58 2002 |
|